000 00562nam a2200229Ia 4500
003 OSt
005 20220924151146.0
006 a|||||r|||| 00| 0
007 ta
008 220923b |||||||| |||| 00| 0 tel d
024 _a336357
037 _cTextual
040 _aARTS
_cARTS
_btel
041 _2tel
_atel
082 _aO35,3NPVR,1, N6
100 _aReddy P.V.
_9223676
245 0 _aVikram-I.A.S
260 _c1996
650 _aTELUGU FICTION
942 _hO35,3NPVR,1, N6
_cTEXL
_2CC
999 _c465682
_d465682